| 000 | 01261nam a22002657a 4500 | ||
|---|---|---|---|
| 999 |
_c57941 _d57941 |
||
| 003 | Ge_BSU | ||
| 005 | 20210402175944.0 | ||
| 008 | 210402s2020 ge ||||| |||| 00| 0 geo d | ||
| 020 | _a9789941258350 | ||
| 041 | _ageo | ||
| 080 | _a94/(479.22-22) მ-30 | ||
| 245 |
_aმარადიდი / _cწიგნის ავტორები: მალხაზ ჩოხარაძე, მამია ფაღავა, ნათელა ფარტენაძე და სხვ.; რედაქტორი მალხაზ ჩოხარაძე. |
||
| 264 |
_aბათუმი : _bმერიდიანი, _c2020. |
||
| 300 |
_a980 გვ. ; _b25 სმ. |
||
| 500 | _aპარალ სათაური ინგ. | ||
| 520 | _aრეზიუმე ინგ. ენ. | ||
| 653 | _aმარადიდი | ||
| 653 | _aისტორია | ||
| 653 | _aეთნოლოგია | ||
| 653 | _aფოლკლორი | ||
| 700 |
_aჩოხარაძე, მალხაზ _eავტორი _911052 |
||
| 700 |
_aფაღავა, მამია _eავტორი _911053 |
||
| 700 |
_aფარტენაძე, ნათელა და სხვ _eავტორი _911054 |
||
| 942 |
_2udc _cBK |
||